Films de Bruce Willis par véhicule conduit - Statistiques

Statistiques générales
  • Ce quiz a été pris 8 fois
  • Le résultat moyen est 7 sur 20
Statistiques - réponses
Par images Réponse % Correct
Armageddon
83%
Une journée en enfer
83%
Die Hard 4 : Retour en enfer
50%
Le Chacal
50%
Le Dernier Samaritain
50%
Mon voisin le tueur
50%
Pulp Fiction
50%
16 Blocs
33%
Die Hard : Belle journée pour mourir
33%
Expendables 2
33%
Red
33%
Red 2
33%
Sin City
33%
Slevin
33%
Bandits
17%
Clones
17%
La mort vous va si bien
17%
Looper
17%
Otage
17%
Moonrise Kingdom
0%
Aucun quiz correspondant
Distribution des résultats
% des personnes avec chaque résultat
Percentile par nombre de réponses
Votre historique - résultats
Vous n’avez pas pris ce quiz